000 00319nam a22001457a 4500
008 221006b ||||| |||| 00| 0 eng d
020 _a0721627420
041 _aeng
080 _a610.73
082 _a610.73 SMI
100 _a5
101 _aINF
245 _aCOMMUNITY HEALTH NURSING
_cSMITH M.C
942 _2udc
_cBK
999 _c58382
_d58382